Sports Quiz

Random Sports or Tennis Quiz

Top 20 Argentine Tennis Players Quiz Stats

 Plays Quiz not verified by Sporcle

Challenge
Share
Tweet
Embed
Score 0/20 Timer 10:00
0 Plays Today
Rank Player % Correct
32Juan Martín del Potro
95.9%
35Diego Schwartzman
81.4%
49Leonardo Mayer
75.3%
61Federico Delbonis
71.1%
57Horacio Zeballos
69.1%
100Guido Pella
69.1%
97Carlos Berlocq
63.9%
108Facundo Bagnis
46.4%
118Renzo Olivo
46.4%
78Nicolás Kicker
43.3%
Rank Player % Correct
244Federico Coria
38.1%
186Máximo González
35.1%
192Marco Trungelliti
25.8%
139Guido Andreozzi
22.7%
234Andrea Collarini
12.4%
379Juan Pablo Paz
10.3%
256Agustín Velotti
8.2%
297Pedro Cachín
8.2%
376Juan Pablo Ficovich
3.1%
390Tomás Lipovsek Puches
3.1%

You're not logged in!

Compare scores with friends on all Sporcle quizzes.
Join for Free
OR
Log In

You Might Also Like...

Show Comments

Extras

Top Quizzes Today


Score Distribution

Your Account Isn't Verified!

In order to create a playlist on Sporcle, you need to verify the email address you used during registration. Go to your Sporcle Settings to finish the process.

Report this User

Report this user for behavior that violates our Community Guidelines.

Details: